| 000 | 01371nam a2200301 a 4500 | ||
|---|---|---|---|
| 001 | BRCA_5178 | ||
| 005 | 20190320204955.0 | ||
| 008 | 241110m17501751mx-######v---#000-0#spa-# | ||
| 041 | _aspa | ||
| 044 | _amx | ||
| 084 |
_aDOC129 _b.B67 _c1750 |
||
| 100 | 1 |
_aBorja, Antonio _913242 |
|
| 245 | 1 | 0 |
_aDocumento expedido a Don Antonio Borja y Don Joseph Manuel de Vera y Saldivar _cDon Antonio Borja y Don Joseph Manuel de Vera y Saldivar. |
| 260 |
_aMéxico _c1750-1751 |
||
| 300 |
_a[4] fojas _c31 x 21 cm |
||
| 500 | _aDocumento expedido en 1750-1751 | ||
| 500 | _aLibramiento expedido a favor de Don Antonio Borja y Don Joseph Manuel de Vera y Saldivar | ||
| 500 | _aEl documento contiene la leyenda DOC. #297 | ||
| 500 | _aAl margen sello con escudo español e inscripción que dice: SELLO QUARTO. UN QUARTILLO. AÑOS DE MIL SETECIENTOS Y CINQUENTA Y CINQUENTA Y UNO | ||
| 500 | _aEstado de conservación: contiene manchas de acido y los márgenes maltratados | ||
| 506 | 0 | _aFondo reservado: para su consulta es necesario credencial de usuario y carta de motivos | |
| 546 | _aTexto en: español de mediados del siglo XVIII | ||
| 600 | 1 | 4 |
_aBorja, Antonio _913242 |
| 650 | 1 | 4 |
_aDocumentos legales _vImpreso con rúbricas _xHistoria _yColonia, 1521-1821 _zMéxico _913243 |
| 700 | 1 |
_aVera y Saldivar, Joseph Manuel de _913244 |
|
| 902 | _aFDH | ||
| 942 |
_2lcc _cD |
||
| 999 |
_c4872 _d4872 |
||